28: Al di là. 2 /

में बचाया:
ग्रंथसूची विवरण
मुख्य लेखक: Oriani, Alfredo (लेखक)
अन्य लेखक: Meriano, Francesco, (1896-1934)
स्वरूप: पुस्तक
भाषा:इतालवी
प्रकाशित: Bologna : L.Cappelli, 1943
संस्करण:4. ed
टैग: टैग जोड़ें
कोई टैग नहीं, इस रिकॉर्ड को टैग करने वाले पहले व्यक्ति बनें!

MARC

LEADER 00000nam a22000007ib4500
001 IT\ICCU\IEI\0483766
003 ItRI
005 20250827140857.0
008 170728s1943 it |||||| ||||| |||||c
040 |b ita  |c ct 
041 7 |a ita  |2 ISO-639-2 
100 1 |a Oriani, Alfredo  |0 IT\ICCU\CFIV\066784  |4 aut 
245 1 4 |a 28: Al di là. 2 /  |c [Alfredo Oriani ; prefazione di F. Meriano]. 
250 |a 4. ed 
260 |a Bologna :  |b L.Cappelli,  |c 1943 
300 |a 221 p. ;  |c 19 cm 
700 1 |a Meriano, Francesco,  |d  (1896-1934)  |0 IT\ICCU\CFIV\023601 
773 0 |w IT\ICCU\RAV\0024200  |t Opera omnia di Alfredo Oriani  |g 28  |a Oriani, Alfredo  |0 IT\ICCU\CFIV\066784 
942 |2 ddc  |c BK 
952 |0 0  |1 0  |2 ddc  |4 0  |6 B_LNR02ORIALALDI1102  |7 1  |9 8409  |a MI  |b MI  |d 2005-11-12  |i 1228  |l 0  |o B-LNR02-ORIAL-ALDI11-02  |p CDOM1228  |r 2025-07-17 21:50:00  |w 2025-07-17  |x ACQUISTO  |y BK 
981 1 |6 z01  |a i   |b xxxe  
982 1 |6 z01  |a n 
999 |c 6999  |d 6999